Ročenka HN 99 příloha Hospodářských novin
Enregistré dans:
| Autres auteurs: | |
|---|---|
| Format: | Livre |
| Langue: | tchèque |
| Publié: |
Praha
Economia
1999
|
| Sujets: | |
| Tags: |
Pas de tags, Soyez le premier à ajouter un tag!
|
MARC
| LEADER | 00000nam a2200000 4500 | ||
|---|---|---|---|
| 001 | c110039 | ||
| 005 | 20230217123917.4 | ||
| 020 | |a 80-85378-13-2 | ||
| 041 | 0 | |a cze | |
| 044 | |a CZ | ||
| 245 | 1 | 0 | |a Ročenka HN 99 |b příloha Hospodářských novin |c zodp. red. Jiří Sekera |
| 264 | 1 | |a Praha |b Economia |c 1999 | |
| 300 | |a 320 s. | ||
| 610 | 2 | 0 | |a ukazovatele ekonomické |
| 610 | 2 | 0 | |a hospodárstvo národné |
| 610 | 2 | 0 | |a podnikanie |
| 610 | 2 | 0 | |a peniaze |
| 610 | 2 | 0 | |a spoločnosť |
| 610 | 2 | 0 | |a hospodárstvo svetové |
| 610 | 2 | 0 | |a vzťahy hospodárske medzinárodné |
| 610 | 2 | 0 | |a politika zahraničná |
| 610 | 2 | 0 | |a legislatíva |
| 610 | 2 | 0 | |a Česko |
| 700 | 1 | |a Sekera, Jiří | |